| 000 | 00741nam a2200181Ia 4500 | ||
|---|---|---|---|
| 003 | GCL | ||
| 008 | 140319s9999 xx 000 0 ara d | ||
| 040 |
_aGCL / _cGCL |
||
| 082 | 0 | 4 |
_a301.2 _bن ث |
| 100 | 1 | _aحسام محىالدين الالوسى | |
| 245 | 1 | 0 |
_aالثقافة العربية والتحدى : بحوث ومناقشات الندوة الفكرية التى نظمها المجمع العلمى العراقى / _cحسام محىالدين الالوسى |
| 700 | 1 | _aنورى حمودى القيسى | |
| 300 | _a213 ص | ||
| 490 |
_aالهيئة العامة للاستعلامات _v0 |
||
| 650 | 0 | 4 | _aالثقافة العربية |
| 650 | 0 | 4 | _aندوة الثقافة العربية والتحدى |
| 942 |
_2ddc _cBK |
||
| 999 |
_c48933 _d48933 |
||